Global top 50 May 18th 2017 - Statistics

General Stats
  • This quiz has been taken 4 times
  • The average score is 8 of 50
Answer Stats
song artist % Correct
Shape Of You Ed Sheeran
100%
Galway Girl Ed Sheeran
100%
Humble Kendrick Lamar
50%
DNA Kendrick Lamar
50%
Malibu Miley Cyrus
50%
That's What I Like Bruno Mars
25%
Attention Charlie Puth
25%
No Promises Cheat Codes, Demi Lovato
25%
Passionfruit Drake
25%
Unforgetable French Montana, Swae Lee
25%
Mask Off Future
25%
Sign of the Times Harry Styles
25%
Thunder Imagine Dragons
25%
Believer Imagine Dragons
25%
Issues Julia Michaels
25%
Location Khalid
25%
The Cure Lady Gaga
25%
XO TOUR Llift3 Lil Uzi Vert
25%
Despacito Luis Fonsi, Daddy Yankee
25%
Scared to Be Lonely Martin Garrix, Dua Lipa
25%
Slow Hands Niall Horan
25%
Congratulations Post Malone, Quavo
25%
There's Nothing Holdin' Me Back Shawn Mendes
25%
I Feel It Coming The Weeknd, Daft Punk
25%
Slide Calvin Harris, Frank Ocean, Migos
0%
Rollin Calvin Harris, Future, Khalid
0%
Rockabye Clean Bandit, Anne-Marie, Sean Paul
0%
Symphony Clean Bandit, Zara Larsson
0%
Me Rehuso Danny Ocean
0%
I'm the One DJ Khaled, Justin Bieber, Quavo, Chance the Rapper
0%
SUBEME LA RADIO Enrique Iglesias, Descemer Bueno, Zion & Lennox
0%
Good Life G-Eazy, Kehlani
0%
Now Or Never Halsey
0%
Swalla Jason Derulo, Nicki Minaj, Ty Dollar Sign
0%
You Don't Know Me Jax Jones, Raye
0%
LOVE. FEAT ZACARI Kendrick Lamar, Zacari
0%
First Time Kygo, Ellie Goulding
0%
It Ain't Me Kygo, Selena Gomez
0%
iSpy Kyle, Lil Yachty
0%
1-800-273-8255 Logic, Aleesia Cara, Khalid
0%
Despcaito- Remix Luis Fonsi, Daddy Yankee, Justin Bieber
0%
Pretty Girls Cheat codes X CADE Remix Maggie Lindemann, CADE, Cheat codes
0%
Felices los 4 Maluma
0%
Cold Maroon 5, Future
0%
El Amante Nicky Jam
0%
Call On Me- Ryan Riback Extended Remix Starley, Ryan Riback
0%
Paris The Chainsmokers
0%
Something Just Like This The Chainsmokers, Coldplay
0%
I don't Wanna Live Forever ( Fifty Shades Darker) Zayn Malik, Taylor Swift
0%
Stay ( with Alessia Cara) Zedd, Alessia Cara
0%
No matching quizzes found
Score Distribution
Percent of People with Each Score
Percentile by Number Answered
Your Score History
You have not taken this quiz